Retrouvailles (notice n° 9153)

détails MARC
000 -Label
leader 00867nam a2200217 4500
099 ## - Informations locales
Type de document Livre
100 ## - Données générales de traitement
a 20251023d u||y0frey5050 ba
101 ## - Langue
langue document français
102 ## - Pays d'édition ou de production
pays d'édition Algérie
200 ## - Titre
type de document Livre
titre propre Retrouvailles
sous-titre Dinet à Bou Saâda 2006
auteur A. Merakza Hioun
-- Ministère de la Culture
-- Musée National Nasr-Eddine Dinet
210 ## - Editeur
lieu de publication Bou Saâda, Algérie
nom de l'éditeur Sonatrach [Imp. Elite]
date de publication 2006
215 ## - Description
Importance matérielle n.p.
autres carac. Couv.IIl.Coul.
format 27 x 23
600 ## - sujets
sujet Dinet
prénom Nasr-Eddine
subdiv. sujet Peintre algérien
-- Lithographe algérien
subdiv. chrono [1861 ... 1929]
koha internal code 24438
600 ## - sujets
sujet Dinet
prénom Étienne
subdiv. sujet Peintre français
-- Lithographe français
subdiv. chrono [1861 ... 1929]
koha internal code 24439
607 ## - sujets
sujet Algérie
subdiv. sujet Orientalisme
subdiv. géo. Sahara
koha internal code 24440
700 ## - Auteur
code de fonction Artiste
auteur Dinet
prénom Nasr-Eddine
koha internal code 24441
701 ## - coauteur
code de fonction Commissaire d'exposition
nom Hioun
prénom A. Merakza
koha internal code 24442
801 ## - source de catalogage
pays TN
agence de catalogage 32BIS
date de la transaction 20251023
règles de catalogage utilisées UNIMARC
830 ## - note
catalogeur ABA
Exemplaires
Propriétaire Dépositaire Localisation Code barre Numéro Inventaire Cote Note Statut
The 32bis Library The 32bis Library Salle de lecture 32BIS 006901 6822 707.4 RET Dépôt MAB Consultable sur place
32 bis, rue Ben Ghedhahem 1000 Tunis - Tunisie www.32bis.org
Contact : mediatheque@32bis.org